Qulitative inquiry and research design (Record no. 139129)

MARC details
000 -LEADER
fixed length control field 00911nam a2200277Ia 4500
003 - CONTROL NUMBER IDENTIFIER
control field OSt
005 - DATE AND TIME OF LATEST TRANSACTION
control field 20220918171335.0
008 - FIXED-LENGTH DATA ELEMENTS--GENERAL INFORMATION
fixed length control field 220917b |||||||| |||| 00| 0 eng d
020 ## - INTERNATIONAL STANDARD BOOK NUMBER
International Standard Book Number 9781506330204
037 ## - SOURCE OF ACQUISITION
Terms of availability Textual
040 ## - CATALOGING SOURCE
Original cataloging agency ARTS
Transcribing agency ARTS
Language of cataloging eng
041 ## - LANGUAGE CODE
Source of code eng
Language code of text/sound track or separate title eng
100 ## - MAIN ENTRY--PERSONAL NAME
Personal name Creswell John W. Au.
9 (RLIN) 35947
245 #0 - TITLE STATEMENT
Title Qulitative inquiry and research design
Remainder of title choosing among five approaches
250 ## - EDITION STATEMENT
Edition statement 4th
260 ## - PUBLICATION, DISTRIBUTION, ETC.
Place of publication, distribution, etc. Los Angeles
Name of publisher, distributor, etc. Sage USA
Date of publication, distribution, etc. 2018
300 ## - PHYSICAL DESCRIPTION
Extent xxv,459p.
Dimensions cm.
650 ## - SUBJECT ADDED ENTRY--TOPICAL TERM
Topical term or geographic name entry element RESEARCH METHODS
700 ## - ADDED ENTRY--PERSONAL NAME
Personal name Poth Cheryl N. Au.
9 (RLIN) 35948
942 ## - ADDED ENTRY ELEMENTS (KOHA)
Classification part Sigma:f, Q8
Koha item type Textual
Source of classification or shelving scheme Colon Classification (CC)
Holdings
Withdrawn status Lost status Damaged status Not for loan Home library Current library Date acquired Source of acquisition Total Checkouts Full call number Barcode Date last seen Date last checked out Price effective from Koha item type
        Arts Library Arts Library 2022-09-18 13018, 10/03/2017, Elite Publishers Distributors 1 Sigma:f Q8 AL1630772 2026-02-24 2024-12-23 2022-09-18 Textual
Copyright @ Delhi University Library System